Zborník z odbornej konferencie 25. odborná konferencia Teória a konštrukcie pozemných stavieb : Riešenie aktuálnych problémov obalových konštrukcií budov : 11. apríla 2018 : CONECO 2018 : Bratislava

Bibliographic Details
Corporate Author: Teória a konštrukcie pozemných stavieb Bratislava, Slovensko (Author)
Format: Conference Proceeding Book
Language:Slovak
PhysicalDescription:52 strán fotografie, grafy, schémy, tabuľky 30 cm
Published: [Bratislava] BB print, s.r.o. 2018
ISBN:9788097302634
Edition:Vydanie prvé
Subjects:

MARC

LEADER 00000nam a2200000 4500
001 vtls011769595
003 SK-MaSNL
005 20260301183449.0
008 220509s2016 xo odl f n 100 0 slo
015 |a SNBA2018/08 
020 |a 9788097302634  |q (brožované) 
035 |a urn:nbn:sk:snk-am00gk5z 
035 |a urn:nbn:sk:snk-am3j5di 
035 |a D3E07CAF-CADB-4FDF-9672-4D4D61F46A9E 
040 |a SNK  |b slo  |c SNK  |e rda 
041 0 |a slo 
044 |a xo  |c SK 
072 7 |a 624  |x Stavebné inžinierstvo  |2 konspekt 
072 7 |a 69  |x Stavebníctvo  |2 konspekt 
080 |a 624.9  |2 2011 
080 |a (062.534)  |2 2011 
080 |a 624.01/.07  |2 2011 
080 |a 69.059.25  |2 2011 
080 |a 692.23  |2 2011 
080 |a 699.82/.86  |2 2011 
111 2 |a Teória a konštrukcie pozemných stavieb  |n (25. :  |d 2018 :  |c Bratislava, Slovensko)  |4 aut  |9 558747 
245 1 0 |a Zborník z odbornej konferencie  |b 25. odborná konferencia Teória a konštrukcie pozemných stavieb : Riešenie aktuálnych problémov obalových konštrukcií budov : 11. apríla 2018 : CONECO 2018 : Bratislava 
246 3 0 |a Riešenie aktuálnych problémov obalových konštrukcií budov 
246 3 0 |a CONECO 2018 
246 1 |i Obálkový podnázov:  |a Sprievodné podujatie 39. medzinárodného stavebného veľtrhu 11. apríla 2018 v Bratislave v EXPO Clube INCHEBA, a.s. 
250 |a Vydanie prvé 
260 |a [Bratislava]  |b BB print, s.r.o.  |c 2018 
300 |a 52 strán  |b fotografie, grafy, schémy, tabuľky  |c 30 cm 
366 |e 100 kusov 
500 |a Miesto vydania podľa NA ISBN 
504 |a Obsahuje bibliografiu a poznámky 
650 0 7 |a pozemné stavby  |2 SNKPH  |9 1612 
650 0 7 |a stavebné konštrukcie  |2 SNKPH  |9 3695 
650 0 7 |a Building construction  |2 SNKPHeng  |9 325151 
650 0 7 |a Structures  |2 SNKPHeng  |9 267357 
650 0 7 |a revitalizácia budov  |2 SNKPH  |9 134976 
650 0 7 |a Building renewal  |2 SNKPHeng  |9 342195 
650 0 7 |a fasády  |2 SNKPH  |9 26054 
650 0 7 |a Facades  |2 SNKPHeng  |9 334072 
650 0 7 |a izolácia stavieb  |2 SNKPH  |9 87116 
650 0 7 |a Insulation of buildings  |2 SNKPHeng  |9 323072 
655 7 |a zborníky konferencií  |2 SNKPH  |9 70153 
655 7 |a Proceedings of conferences  |2 SNKPHeng  |9 265791 
919 |a 978-80-973026-3-4 
958 |a NB 
999 |c 857089  |d 859019 
952 |a SNK  |b SNK  |y PREZ  |7 0  |p 17A1334811  |o snkSB 92994  |i snk2018/16137  |8 0  |0 0  |1 0  |4 0  |d 2018-07-30  |f 1  |l 0  |r 2025-05-14 00:00:00  |w 2026-02-24 
952 |a SNK  |b SNK  |y VYP  |7 0  |p 17A1334812  |o snkSB 92994 D1  |i snk2018/16138  |8 0  |0 0  |1 0  |4 0  |d 2018-07-30  |l 0  |r 2026-02-24 05:00:45  |w 2026-02-24